000 00680nam a2200253Ia 4500
001 7338
005 20240113234009.0
007 ta
008 050706s1975 a g b000 u hin u
020 _cHB
040 _aCotton College Assam
041 _ahin
082 _a891.4309
_bMa 26 Ad
100 _aMadan, Indranath.
245 0 _aAdhunikata aur Hindi Aalochana /
_cIndranath Madan.
_hTextual Documents
250 _a1st ed /
260 _aNew Delhi :
_bRadhakrishna Prakashan ,
_c1975.
300 _a181p. :
_bill. ;
_c21cm. .
653 _aHindi Literature-Criticism
653 _aMS-Hindi
942 _2ddc
_cBK
999 _c7325
_d7325